Introduction to operational amplifier theory and applications (Record no. 12319)
[ view plain ]
| 000 -LEADER | |
|---|---|
| fixed length control field | 00798 a2200301 4500 |
| 035 ## - SYSTEM CONTROL NUMBER | |
| System control number | 14057 |
| 020 ## - NUMERO INTERNATIONAL NORMALISE DES LIVRES | |
| International Standard Book Number | 0-07-06765-4 |
| 100 ## - VEDETTE PRINCIPALE - NOM DE PERSONNE | |
| Personal name | WAIT, John V. |
| 130 ## - VEDETTE PRINCIPALE - TITRE UNIFORME | |
| Language of a work | En. |
| 260 ## - PUBLICATION, DISTRIBUTION, ETC. (IMPRINT) | |
| Place of publication, distribution, etc | New York |
| 260 ## - PUBLICATION, DISTRIBUTION, ETC. (IMPRINT) | |
| Place of publication, distribution, etc | St Louis |
| 260 ## - PUBLICATION, DISTRIBUTION, ETC. (IMPRINT) | |
| Place of publication, distribution, etc | San Francisco |
| 260 ## - PUBLICATION, DISTRIBUTION, ETC. (IMPRINT) | |
| Name of publisher, distributor, etc | McGraw-Hill book company |
| 245 ## - TITLE STATEMENT | |
| Title | Introduction to operational amplifier theory and applications |
| 260 ## - PUBLICATION, DISTRIBUTION, ETC. (IMPRINT) | |
| Date of publication, distribution, etc | c1975 |
| 300 ## - PHYSICAL DESCRIPTION | |
| Extent | xv-396 p. |
| 300 ## - PHYSICAL DESCRIPTION | |
| Other physical details | fig. ; 24 cm |
| 500 ## - GENERAL NOTE | |
| General note | Comprend un index à la fin du vol. |
| 650 ## - SUBJECT ADDED ENTRY--TOPICAL TERM | |
| Topical term or geographic name as entry element | <Circuit életronique> |
| 650 ## - SUBJECT ADDED ENTRY--TOPICAL TERM | |
| Topical term or geographic name as entry element | <Amplificateur opérationnel> |
| 700 ## - ADDED ENTRY--PERSONAL NAME | |
| Personal name | HUELSMAN, Lawrence P. |
| 700 ## - ADDED ENTRY--PERSONAL NAME | |
| Personal name | Korn, Granino A. |
| Withdrawn status | Lost status | Damaged status | Not for loan | Location (home branch) | Sublocation or collection (holding branch) | Date acquired | Source of acquisition | Koha issues (times borrowed) | Koha full call number | Piece designation (barcode) | Koha date last seen | Price effective from | Koha item type |
|---|---|---|---|---|---|---|---|---|---|---|---|---|---|
| Bibliothèque Ecole Polytechnique d'Abomey-Calavi | Bibliothèque Ecole Polytechnique d'Abomey-Calavi | 27/02/2009 | EPAC | 621.381/144i | 20048EPAC | 27/02/2009 | 27/02/2009 | Livre |